ბათუმის შოთა რუსთაველის სახელმწიფო უნივერსიტეტის ბიბლიოთეკა

Проектирование АСУ. (ბიბ.ჩანაწერი № 42621)

000 -LEADER
fixed length control field 00621nam a2200217Ia 4500
001 - CONTROL NUMBER
control field 9325
003 - CONTROL NUMBER IDENTIFIER
control field GE_BSU
008 - FIXED-LENGTH DATA ELEMENTS--GENERAL INFORMATION
fixed length control field 181216s||||||||xx |||||||||||||| ||und||
040 ## - CATALOGING SOURCE
Transcribing agency GE_BSU
080 ## - UNIVERSAL DECIMAL CLASSIFICATION NUMBER
Universal Decimal Classification number 658.5.001+681.3
100 ## - MAIN ENTRY--PERSONAL NAME
Personal name Мамиконов,А.Г.
245 ## - TITLE STATEMENT
Title Проектирование АСУ.
245 ## - TITLE STATEMENT
Remainder of title Учебник.
245 ## - TITLE STATEMENT
Statement of responsibility, etc. Науч. ред. Н.И.Хрусталева.
260 ## - PUBLICATION, DISTRIBUTION, ETC.
Place of publication, distribution, etc. М.
260 ## - PUBLICATION, DISTRIBUTION, ETC.
Name of publisher, distributor, etc. Высшая школа.
260 ## - PUBLICATION, DISTRIBUTION, ETC.
Date of publication, distribution, etc. 1987.
300 ## - PHYSICAL DESCRIPTION
Extent 303 стр. с илл. 22см. Библиогр.: стр.300.
653 ## - INDEX TERM--UNCONTROLLED
Uncontrolled term Проектирование АСУ.
942 ## - ADDED ENTRY ELEMENTS (KOHA)
Koha item type წიგნი
ეგზემპლარები
Withdrawn status Lost status Damaged status Not for loan Date acquired Barcode Date last seen Price effective from Koha item type
        2018-12-17 12007 2018-12-17 2018-12-17 წიგნი